000 00357nam a2200157Ia 4500
100 _aDascalu/ D. Dr.
650 _aElectrical
942 _cBK
654 _adevices
245 _aTransit-Time effects in uniproper solid-state devices
260 _bAlacus press
_aRomania
_c1974
082 _a530.41
300 _a395
546 _aENGLISH
999 _c22642
_d22642